Tuyển tập truyện cổ tích Việt Nam Phần truyện cổ tích người Việt

Biên soạn nhằm mục đích cung cấp tài liệu tham khảo cho sinh viên ngành văn các trường Đại học trong khi học các giáo trình cơ sở và chuyên đề thuộc bộ môn văn học dân gian bao gồm các câu truyện cổ tích về loài vật, truyện cổ tích thần...

Full beskrivning

Sparad:
Bibliografiska uppgifter
Huvudupphovsman: Chu, Xuân Diên
Övriga upphovsmän: Lê, Chí Quế
Materialtyp: Bok
Språk:Undetermined
Publicerad: H. ĐHQGHN 2001
Ämnen:
Länkar:http://lrc.tdmu.edu.vn/opac/search/detail.asp?aID=2&ID=6526
Taggar: Lägg till en tagg
Inga taggar, Lägg till första taggen!
Thư viện lưu trữ: Trung tâm Học liệu Trường Đại học Thủ Dầu Một
LEADER 01158nam a2200229Ia 4500
001 TDMU_6526
008 210410s9999 xx 000 0 und d
082 |a 398.2089597 
090 |b CH500 
100 |a Chu, Xuân Diên 
245 0 |a Tuyển tập truyện cổ tích Việt Nam 
245 0 |b Phần truyện cổ tích người Việt 
245 0 |c Chu Xuân Diên 
260 |a H. 
260 |b ĐHQGHN 
260 |c 2001 
300 |a 271tr 
520 |a Biên soạn nhằm mục đích cung cấp tài liệu tham khảo cho sinh viên ngành văn các trường Đại học trong khi học các giáo trình cơ sở và chuyên đề thuộc bộ môn văn học dân gian bao gồm các câu truyện cổ tích về loài vật, truyện cổ tích thần kỳ và truyện cổ tích sinh hoạt xã hội. 
650 |a Văn học dân gian; Truyện cổ tích 
700 |a Lê, Chí Quế 
856 |u http://lrc.tdmu.edu.vn/opac/search/detail.asp?aID=2&ID=6526 
980 |a Trung tâm Học liệu Trường Đại học Thủ Dầu Một